Hlavné vývojové trendy a kľúčové charakteristiky systému financovania verejného sektora kultúry v trhovoorientovaných ekonomikách demokratickej Európy, USA a Kanady v 90. rokoch

Salvato in:
Dettagli Bibliografici
Autore principale: Novotný, Oskar
Natura: Libro
Lingua:slovacco
Pubblicazione: Bratislava Národné osvetové centrum 1999
Serie:Výskumné štúdie
Soggetti:
Tags: Aggiungi Tag
Nessun Tag, puoi essere il primo ad aggiungerne!!

MARC

LEADER 00000nam a2200000 4500
001 c123635
005 20221102132557.7
020 |a 80-7121-189-3 
041 0 |a slo 
044 |a SK 
245 1 0 |a Hlavné vývojové trendy a kľúčové charakteristiky systému financovania verejného sektora kultúry v trhovoorientovaných ekonomikách demokratickej Európy, USA a Kanady v 90. rokoch  |c Oskar Novotný 
264 1 |a Bratislava  |b Národné osvetové centrum  |c 1999 
300 |a 59 s. 
490 1 |a Výskumné štúdie 
830 0 |a Výskumné štúdie 
610 2 0 |a financovanie 
610 2 0 |a sektor verejný 
610 2 0 |a kultúra 
610 2 0 |a hospodárstvo trhové 
610 2 0 |a Európa 
610 2 0 |a USA 
610 2 0 |a Kanada 
610 2 0 |a 1991-2000 
100 1 |a Novotný, Oskar